00680nam a22002297a 4500003000500000005001700005008004100022010000700063011000800070035000700078040000900085100001600094245007100110260010000181300001000281490003400291650002800325650002800353700001800381700001700399830003400416CHAP20220817040752.0971010s r 00010 d a16 a988 a81 cCHAP00aNene, Y. L.10aDiagnosis de algunos marchitamientos del garbanzoc/por Y. L. Nene aAndhra Pradesh, In. :bInternational Crops Research Institute for The SemiArid Tropics,c[19 -] a43 p. aFolleto de informaciónv; 314aGarbanzoxEnfermedades.14aMarchitez del garbanzo.0 aHaware, M. P.0 aReddy, M. V.0 aFolleto de informaciónv; 3